000 00465cam a2200193ua 4500
020 _c110.00
041 _aeng
_h
082 _a547
_bSON/TE
100 _aSoni, P L .
245 _aText book of organic chemistry /
_cP L Soni.
_hTextual Documents
250 _a26 /
_b.
260 _aNew Delhi :
_bS.Chand & Sons ,
_c1994.
300 _a1382 ; .
365 _a110.00
504 _a
700 1 _aChawla, H M .
942 _cBK
999 _c9800
_d9800